000 00771nam a2200265 i 4500
001 000016293
003 DO-SdBNP
005 20231204084124.0
007 ta
008 100303s1993 dr r 000 0 spa d
040 _aDO-SdBNP
_bspa
_cBNPHU
_erda
082 4 _bR628a
_222
100 1 _aRoa, Carlos Temístocles,
_936382
_eautor
245 1 0 _aAprenda español /
_cCarlos Temístocles Roa.
264 _aSanto Domingo :
_bBanco de Reservas,
_c1993.
300 _a229 páginas ;
_c22 cm.
336 _2rdacontent
_atexto
_btxt
337 _2rdamedia
_asin mediación
_bn
338 _2rdacarrier
_avolumen
_bnc
504 _aBibliografía p. 231-
590 _aInventariado, 2023/BT
650 4 _aEspañol
_xEnseñanza
_9406
910 _aBtavárez
942 _2ddc
_cLBS1
999 _c15828
_d15828